Welcome to CU Library Online Public Access Catalogue (OPAC)

Financial Administration Act, 2003 (Record no. 1355)

MARC details
000 -LEADER
fixed length control field 00350nam a22001217a 4500
005 - DATE AND TIME OF LATEST TRANSACTION
control field 20241120114048.0
008 - FIXED-LENGTH DATA ELEMENTS--GENERAL INFORMATION
fixed length control field 241120b |||||||| |||| 00| 0 eng d
245 ## - TITLE STATEMENT
Title Financial Administration Act, 2003
Remainder of title ACT 654
260 ## - PUBLICATION, DISTRIBUTION, ETC.
Place of publication, distribution, etc. Accra, Ghana
Name of publisher, distributor, etc. The Ghana Publishing Co. Ltd.
Date of publication, distribution, etc. 2003
300 ## - PHYSICAL DESCRIPTION
Extent 33 pages
Dimensions 22.5 cm
650 ## - SUBJECT ADDED ENTRY--TOPICAL TERM
Source of heading or term Act
General subdivision Ghana
942 ## - ADDED ENTRY ELEMENTS (KOHA)
Source of classification or shelving scheme Library of Congress Classification
Koha item type Books
Suppress in OPAC No
999 ## -
-- 1355
-- 1355
Holdings
Withdrawn status Lost status Source of classification or shelving scheme Damaged status Not for loan Collection Home library Current library Shelving location Date acquired Total checkouts Full call number Barcode Date last seen Copy number Price effective from Koha item type
    Library of Congress Classification     Non-fiction Law Library (Christ Temple) Law Library (Christ Temple) Reference 06/26/2025   KRX1083 GHA LLCT00000804 06/26/2025 1 06/26/2025 Books
    Library of Congress Classification     Non-fiction Law Library (Christ Temple) Law Library (Christ Temple) Reference 06/30/2025   KRX2715 GHA LLCT00000773 06/30/2025 1 06/30/2025 Books
    Library of Congress Classification     Non-fiction Law Library (Christ Temple) Law Library (Christ Temple) Reference 06/30/2025   KRX2715 GHA LLCT00000774 06/30/2025 2 06/30/2025 Books
    Library of Congress Classification     Non-fiction Law Library (Miotso) Law Library (Miotso) Reference 11/20/2024   KRX1083 GHA LLM00001080 11/20/2024 1 11/20/2024 Books
    Library of Congress Classification     Non-fiction Law Library (Miotso) Law Library (Miotso) Reference 11/20/2024   KRX1083 GHA LLM00001076 11/20/2024 2 11/20/2024 Books
© 2023-2024 Copyright: Central University Libraries. All Rights Reserved | Created by: Mahone Tech Office